00830naa#a2200169#i#4500001001600000005001700016011001400033100004100047102000700088200024300095210017200338215001000510608004500520675004000565700003200605856002300637RU\\bibl\12160620260513225759.3##a1994-5655##a20260428b2026####ek#y0rusy0150####ca##aRU1#aВербальное измерение ценностных ориентаций представителей власти на Русском Севере во второй половине XX векаeЖурнальная статья1#aСыктывкарcФГБУ ФИЦ «Коми научный центр Уральского отделения Российской академии наук»d2026##a7 с.##aЖурнальная статья2local##aВсеобщая история. 94#1aСтолетоваgА. С.4#akomisc.editorum.ru